[Event "Maestro Open"]
[Site "Berdsk RUS"]
[Date "2008.07.11"]
[Round "4"]
[White "Loginov,Vladis"]
[Black "Beletsky,A"]
[Result "1-0"]
[WhiteElo "2106"]
[BlackElo "2357"]

1.c4 c5 2.Nf3 Nf6 3.Nc3 d5 4.cxd5 Nxd5 5.g3 g6 6.Bg2 Bg7 7.O-O O-O 8.Nxd5 Qxd5
9.d3 Nc6 10.Be3 Bd7 11.Nd4 Qd6 12.Nxc6 Bxc6 13.Bxc6 Qxc6 14.Rc1 Bxb2 15.Rxc5 Qd6
16.Rb5 Bf6 17.Rxb7 a5 18.Qa4 Rfc8 19.Rc1 Rxc1+ 20.Bxc1 h5 21.Bf4 Qe6 22.Be3 h4
23.Qb3 Qc8 24.a4 h3 25.f3 Kg7 26.Rb5 Ra6 27.Rc5 Qd7 28.Qb5 Qe6 29.Kf2 Kh7
30.Qc4 Qxc4 31.Rxc4 g5 32.Bd4 Bxd4+ 33.Rxd4 f5 34.Rd7 Kg6 35.Rxe7 Rb6 36.Ra7 Rb1
37.g4 f4 38.Ra6+ Kg7 39.Rxa5 Kg6 40.Ra6+ Kg7 41.Ra7+ Kg6 42.a5 Rh1 43.a6 Rxh2+
44.Kg1 Rxe2 45.Ra8 Rg2+ 46.Kh1  1-0

[Event "7th Open"]
[Site "La Fere FRA"]
[Date "2008.07.11"]
[Round "8"]
[White "Marzolo,C"]
[Black "Houriez,C"]
[Result "1-0"]
[WhiteElo "2487"]
[BlackElo "2276"]

1.Nf3 Nf6 2.c4 e6 3.Nc3 c5 4.e3 Be7 5.d4 cxd4 6.exd4 d5 7.c5 b6 8.b4 bxc5
9.bxc5 O-O 10.Bd3 Ba6 11.Bxa6 Nxa6 12.Qa4 Nb8 13.Bf4 Nh5 14.Be3 Qd7 15.Qxd7 Nxd7
16.Rb1 Rab8 17.Ke2 Rxb1 18.Rxb1 Rb8 19.Rxb8+ Nxb8 20.Nb5 a6 21.Na7 f5 22.Bg5 Kf8
23.c6  1-0

[Event "Heart of Finland"]
[Site "Jyvaskyla FIN"]
[Date "2008.07.13"]
[Round "3"]
[White "Valli,F"]
[Black "Solozhenkin,E"]
[Result "0-1"]
[WhiteElo "2182"]
[BlackElo "2511"]

1.Nf3 Nf6 2.c4 g6 3.Nc3 c5 4.g3 b6 5.Bg2 Bb7 6.O-O Bg7 7.Re1 d6 8.e4 e5 9.d3 Nc6
10.Rf1 Nd4 11.Bg5 h6 12.Bxf6 Bxf6 13.Nxd4 cxd4 14.Qa4+ Kf8 15.Nd5 Kg7 16.f4 Bxd5
17.cxd5 h5 18.Bh3 h4 19.Kg2 hxg3 20.hxg3 b5 21.Qd1 Rh6 22.Qf3 Qe7 23.Rac1 Rah8
24.Rh1 exf4 25.gxf4 Rh4 26.Kf2 Bg5 27.fxg5 Qxg5 28.Rcg1 Qd2+ 29.Kg3 Qh6 30.Kg2 Qd2+
31.Kg3 R8h5 32.Rg2 Qh6 33.Rgh2 Qg5+ 34.Kf2 Rf4  0-1

[Event "Maestro Open"]
[Site "Berdsk RUS"]
[Date "2008.07.14"]
[Round "7"]
[White "Krivonos,N"]
[Black "Shkurkin,N"]
[Result "1-0"]
[WhiteElo "2306"]
[BlackElo "2185"]

1.c4 Nf6 2.Nc3 c5 3.Nf3 g6 4.d4 cxd4 5.Nxd4 Bg7 6.e4 d6 7.Be2 Nc6 8.Be3 Bd7
9.O-O O-O 10.b3 Qa5 11.Rc1 Rfc8 12.f3 Nxd4 13.Bxd4 Bc6 14.Qd2 a6 15.Rfd1 b5
16.Kh1 Rab8 17.Rc2 b4 18.Nd5 Nxd5 19.Bxg7 Ne3 20.Qxe3 Kxg7 21.f4 Qc5 22.Qd3 a5
23.Bf3 a4 24.h3 axb3 25.axb3 Ra8 26.Re2 Ra3 27.e5 Bxf3 28.Qxf3 Rca8 29.exd6 exd6
30.Kh2 R8a5 31.Red2 Qf5 32.Rxd6 Qc2 33.R1d3 Rf5 34.Qe3 Qb1 35.R6d5 Ra5 36.Rxa5 Rxa5
37.Qd4+ Kh6 38.Qd8 Qa1 39.Rd1 Qa2 40.Qf8+ Kh5 41.Qxf7 h6 42.Rd6 Qc2 43.Rxg6  1-0

[Event "Kings Gambit B"]
[Site "Lipetsk RUS"]
[Date "2008.07.16"]
[Round "8"]
[White "Bazarov,K"]
[Black "Chulivska,V"]
[Result "1-0"]
[WhiteElo "2234"]
[BlackElo "2238"]

1.Nf3 Nf6 2.c4 c5 3.Nc3 e6 4.e4 d6 5.d4 cxd4 6.Nxd4 Be7 7.Be2 O-O 8.Nc2 Nbd7
9.O-O b6 10.Be3 Bb7 11.f3 a6 12.Qd2 Qc7 13.Rfd1 Rac8 14.Rac1 Rfd8 15.Bf2 Qb8
16.Ne3 Bc6 17.a4 Nc5 18.Qc2 a5 19.b3 Na6 20.Qb2 Nb4 21.Nb5 Nd7 22.Nc2 Bf6
23.Bd4 Nxc2 24.Rxc2 Bxd4+ 25.Nxd4 Nc5 26.Rcd2 Be8 27.Nc2 h6 28.Kh1 Qc7 29.Ne1 Bc6
30.Nd3 Bb7 31.Nc1 Bxe4 32.fxe4 Nxe4 33.Bf3 Nxd2 34.Qxd2 d5 35.cxd5 exd5 36.Ne2 d4
37.Be4 Qe5 38.Bd3 Rc6 39.Qf4 Qh5 40.h3 Re6 41.Rd2 Qc5 42.Qf5 Qb4 43.Qh7+ Kf8
44.Rc2 Qd6 45.Qh8+ Ke7 46.Qxg7 Rf6 47.Ng3 Qf4 48.Nh5  1-0

[Event "Politiken Cup"]
[Site "Helsingor DEN"]
[Date "2008.07.19"]
[Round "1"]
[White "Engqvist,T"]
[Black "Suntharalingam,J"]
[Result "1-0"]
[WhiteElo "2363"]
[BlackElo "1929"]

1.c4 Nf6 2.Nc3 c5 3.Nf3 g6 4.d4 Bg7 5.e4 cxd4 6.Nxd4 d6 7.Be2 O-O 8.O-O Nc6
9.Be3 Bd7 10.Qd2 Rc8 11.b3 Qa5 12.f3 Nxd4 13.Bxd4 b5 14.Nb1 Qxd2 15.Nxd2 a6
16.Rfc1 Nh5 17.Bxg7 Nxg7 18.b4 Ne6 19.Kf2 Nd4 20.Bf1 f5 21.exf5 Bxf5 22.a4 e5
23.axb5 axb5 24.cxb5 Nc2 25.Bc4+ Kh8 26.Ra4 d5 27.Bf1 e4 28.Nb3 e3+ 29.Kg1 Rfe8
30.g4 e2 31.gxf5 e1=Q 32.Rxe1 Nxe1 33.Kf2 Rc2+ 34.Kg3 gxf5 35.Nd4 Rc3 36.b6 Rce3
37.b7 Rb8 38.Ra8 Ree8 39.Rxb8 Rxb8 40.Ba6 Rg8+ 41.Kf2  1-0

[Event "Politiken Cup"]
[Site "Helsingor DEN"]
[Date "2008.07.20"]
[Round "2"]
[White "Overeem,M"]
[Black "Henrichsen,J"]
[Result "1-0"]
[WhiteElo "2288"]
[BlackElo "1966"]

1.c4 Nf6 2.Nc3 c5 3.Nf3 e6 4.g3 b6 5.Bg2 Bb7 6.O-O d6 7.d4 cxd4 8.Qxd4 a6
9.Be3 Nbd7 10.Rfd1 Be7 11.Ng5 Bxg2 12.Kxg2 Qc7 13.Nge4 Qc6 14.f3 Rc8 15.b3 O-O
16.Rac1 Rcd8 17.Nxf6+ Bxf6 18.Qxd6 Qb7 19.Ne4 Bb2 20.Rb1 Be5 21.Qe7 Rfe8
22.Qb4 Rb8 23.Nd6 Bxd6 24.Rxd6 b5 25.Rbd1 Nf6 26.Rb6 Qa8 27.Rxb8 Rxb8 28.Bf4 e5
29.Bxe5 Re8 30.Qc3 Ng4 31.Rd5 f6 32.fxg4 Rxe5 33.Qf3 Re8 34.Rd2 Qc8 35.cxb5 axb5
36.Qd5+ Kf8 37.Kh3 h5 38.Qxh5 Qc1 39.Qh8+  1-0

[Event "Politiken Cup"]
[Site "Helsingor DEN"]
[Date "2008.07.20"]
[Round "3"]
[White "Engqvist,T"]
[Black "Nielsen,PH"]
[Result "0-1"]
[WhiteElo "2363"]
[BlackElo "2652"]

1.Nf3 c5 2.c4 Nf6 3.Nc3 e6 4.d4 cxd4 5.Nxd4 Bb4 6.Bd2 O-O 7.a3 Bc5 8.Bg5 h6
9.Bh4 b6 10.Ndb5 Bb7 11.Nd6 Bxd6 12.Qxd6 Nc6 13.e3 Rc8 14.b4 Ne4 15.Qf4 Ng5
16.Ne4 f5 17.Bxg5 hxg5 18.Nxg5 Qf6 19.Rd1 Qc3+ 20.Rd2 Rf6 21.c5 Qxa3 22.Bb5 Qc1+
23.Rd1 Qc3+ 24.Ke2 Nxb4 25.Bxd7 Qc2+ 26.Rd2 Ba6+ 27.Kf3 Qxd2 28.Qh4 Qd5+
29.Kg3 Qe5+ 30.Kf3 Rh6  0-1

[Event "Politiken Cup"]
[Site "Helsingor DEN"]
[Date "2008.07.20"]
[Round "3"]
[White "Ofstad,P"]
[Black "Suntharalingam,J"]
[Result "1-0"]
[WhiteElo "2142"]
[BlackElo "1929"]

1.Nf3 c5 2.c4 Nf6 3.Nc3 g6 4.g3 Bg7 5.Bg2 d6 6.O-O O-O 7.d4 Bd7 8.dxc5 dxc5
9.Ne5 Qc8 10.Nxd7 Nbxd7 11.Qb3 Nb6 12.Nb5 Nfd7 13.Bf4 e5 14.Bg5 f6 15.Be3 f5
16.Rad1 f4 17.Bc1 Rf6 18.a4 a5 19.Nc3 Rb8 20.Ne4 Rf8 21.Rd6 Qc7 22.Rfd1 Rbe8
23.Qb5 Re7 24.b4 Rff7 25.Bh3 Nf6 26.Ng5 Nc8 27.Bxc8  1-0

[Event "31st Taminco Open"]
[Site "Ghent BEL"]
[Date "2008.07.21"]
[Round "6"]
[White "Sowray,P"]
[Black "Sadkowsky,D"]
[Result "1-0"]
[WhiteElo "2327"]
[BlackElo "2313"]

1.c4 Nf6 2.Nc3 c5 3.Nf3 d5 4.cxd5 Nxd5 5.e4 Nb4 6.Bc4 Nd3+ 7.Ke2 Nf4+ 8.Kf1 Ne6
9.b4 g6 10.bxc5 Bg7 11.Bb2 Nc6 12.h4 O-O 13.h5 Nxc5 14.hxg6 hxg6 15.Qe2 Be6
16.Bd5 Bg4 17.Qe3 Ne6 18.Nh2 Bh5 19.g4 Bd4 20.Qh3 Qb6 21.Rb1 Qa6+ 22.Kg1 Nf4
23.Qf3 Nd3 24.Bxc6 bxc6 25.Kg2 f5 26.exf5 Rxf5 27.Qe4 Rxf2+ 28.Kh3 Nf4+ 29.Kh4 Qc8
30.Rbc1 g5+ 31.Kg3 Rxd2 32.Rcd1 Rg2+ 33.Qxg2 Nxg2 34.Kxg2 Bxc3 35.Bxc3 Bxg4
36.Rd3 Qf5 37.Nxg4 Qxd3 38.Rh8+ Kf7 39.Ne5+  1-0

[Event "Politiken Cup"]
[Site "Helsingor DEN"]
[Date "2008.07.21"]
[Round "4"]
[White "Eriksen,T"]
[Black "Guttulsrud,O"]
[Result "0-1"]
[WhiteElo "2190"]
[BlackElo "1976"]

1.Nf3 Nf6 2.c4 c5 3.Nc3 b6 4.d4 cxd4 5.Nxd4 d6 6.e4 Bb7 7.f3 e6 8.Be2 a6
9.Be3 Be7 10.O-O O-O 11.Qd2 Nbd7 12.Rfd1 Qc7 13.Rac1 Rac8 14.Bf1 Qb8 15.Qf2 Bd8
16.b4 Bc7 17.g3 Ne5 18.b5 a5 19.Be2 Qa8 20.Na4 Ned7 21.Nb3 Nc5 22.Nbxc5 dxc5
23.e5 Ne8 24.Rd7 Qb8 25.Rcd1 f6 26.Re7 fxe5 27.Rxe6 Be4 28.Bg5 Bc2 29.Nc3 Bxd1
30.Bxd1 h6 31.Bxh6 gxh6 32.Qc2 Ng7 33.Nd5 Rce8 34.Rc6 Bd8 35.Qg6 e4 36.Bc2 Qe5
37.Bxe4 Qd4+ 38.Kg2 Rxe4 39.Qxe4 Qxe4 40.fxe4 Re8 41.Rc8 Kf7 42.Rb8 h5 43.Rb7+ Kg8
44.Nxb6 Rxe4 45.Rb8 Ne6 46.Nd7 Rxc4 47.b6 Rc2+ 48.Kf1 Kf7 49.Rxd8 Nxd8 50.b7 Nxb7  0-1

[Event "XIII Open"]
[Site "Balaguer ESP"]
[Date "2008.07.22"]
[Round "9"]
[White "Lalith,B"]
[Black "Pogorelov,R"]
[Result "1-0"]
[WhiteElo "2328"]
[BlackElo "2459"]

1.Nf3 Nf6 2.c4 e6 3.Nc3 c5 4.g3 b6 5.Bg2 Bb7 6.O-O Be7 7.Re1 d6 8.e4 a6 9.d4 cxd4
10.Nxd4 Qc7 11.Be3 Nbd7 12.Rc1 Rc8 13.f4 O-O 14.g4 Nc5 15.Bf2 g6 16.f5 gxf5
17.gxf5 e5 18.Nc2 Kh8 19.Kh1 Rg8 20.Bf3 b5 21.Bxc5 Qxc5 22.cxb5 axb5 23.Ne3 Qb4
24.Ned5 Bxd5 25.Nxd5 Nxd5 26.Qxd5 Rxc1 27.Rxc1 Qxb2 28.Rg1 Rxg1+ 29.Kxg1 Bh4
30.Kh1 Qf2 31.Qd1 Bd8 32.Qe2 Qc5 33.Bh5 Bb6 34.Kg2 Kg7 35.Qg4+ Kf8 36.Qe2 Ke7
37.Bf3 b4 38.Qd2 Qg1+ 39.Kh3 Bc5 40.Qg2 Qc1 41.Qe2 Kf6 42.Qd1 Qf4 43.Kg2 Qg5+
44.Kh3 Qh6+ 45.Kg2 Ke7 46.Qe2 Be3 47.Qc2 Qg5+ 48.Kh3 Bc5 49.Qe2 Bg1 50.Bh5 Be3
51.Qg4 Qh6 52.Kg2 Bg5 53.Qe2 Be3 54.Qg4 Bc5 55.Qe2 Qg5+ 56.Qg4 Qh6 57.Qh4+ f6
58.Qg4 Be3 59.Qe2 Bf4 60.Qg4 Be3 61.Qe2 Bd4 62.Qg4 Bc5 63.Qe2 Qf4 64.Qf3 Qd2+
65.Qe2 Qd4 66.Qg4 Qg1+ 67.Kh3 Qf1+ 68.Qg2 Qd3+ 69.Qf3 Qd2 70.Qe2 Qh6 71.Kg2 Kd8
72.Qg4 Kc7 73.Qe2 Kb6 74.Be8 Kc7 75.Bh5 Qg5+ 76.Qg4 Qd2+ 77.Qe2 Qd4 78.Bf3 Kb6
79.Bh5 Qg1+ 80.Kh3 Qg5 81.Be8 Kc7 82.Bh5 Qc1 83.Bf3 Qc3 84.Kg2 Qd4 85.Bh5 Qg1+
86.Kh3 Qg5 87.Qg4 Qe3+ 88.Qf3 Qg1 89.Qg2 Qe3+ 90.Qf3 Qd4 91.Qe2 Qc3+ 92.Qf3 d5
93.Kg2 d4 94.Qg4 Qd2+ 95.Kh3 Qh6 96.Kg2 d3 97.Qd1 Qg5+ 98.Qg4 Qh6 99.Qd1 Bd4
100.Qg4 Kb6 101.Qf3 Kc5 102.Qd1 Qg5+ 103.Kh3 Qe3+ 104.Bf3 Bc3 105.Kg4 Qg5+
106.Kh3 b3 107.axb3  1-0

[Event "Politiken Cup"]
[Site "Helsingor DEN"]
[Date "2008.07.22"]
[Round "5"]
[White "Engqvist,T"]
[Black "Hollesen,K"]
[Result "1-0"]
[WhiteElo "2363"]
[BlackElo "1996"]

1.c4 c5 2.Nf3 Nf6 3.Nc3 e6 4.d4 b6 5.d5 exd5 6.cxd5 d6 7.e4 Be7 8.h3 O-O
9.Bd3 Ba6 10.O-O Bxd3 11.Qxd3 Nbd7 12.Bf4 Ne8 13.Bh2 g6 14.Rae1 a6 15.a4 Bf6
16.Nd2 Ne5 17.Qe2 g5 18.g3 Qc8 19.f4 Ng6 20.e5 dxe5 21.f5 Ne7 22.Nde4 Kg7
23.g4 Ng8 24.h4 h6 25.Nxf6 Nexf6 26.hxg5 hxg5 27.Bxe5 Re8 28.Qd2  1-0

[Event "41st Festival MTO"]
[Site "Biel SUI"]
[Date "2008.07.23"]
[Round "3"]
[White "Benkovic,P"]
[Black "Egozi,N"]
[Result "1-0"]
[WhiteElo "2479"]
[BlackElo "2213"]

1.Nf3 Nf6 2.c4 c5 3.Nc3 g6 4.d4 Bg7 5.e4 O-O 6.Be2 d6 7.O-O Nbd7 8.d5 b5
9.cxb5 a6 10.Re1 Ne8 11.Bf4 Nc7 12.a4 Bb7 13.Qd2 axb5 14.axb5 Nb6 15.Bh6 f5
16.Bxg7 Kxg7 17.b4 Rxa1 18.Rxa1 Nd7 19.b6 Nxb6 20.bxc5 dxc5 21.Qb2 Nca8 22.Na4+ Kg8
23.Nxc5 Bc8 24.Ng5 Qd6 25.Nce6 Bxe6 26.Nxe6 Rf7 27.Qb5 Nc7 28.Ra8+  1-0

[Event "19th Czech Chladek & Tintera A Open"]
[Site "Pardubice CZE"]
[Date "2008.07.24"]
[Round "7"]
[White "Espig,L"]
[Black "Faerman,I"]
[Result "1/2-1/2"]
[WhiteElo "2346"]
[BlackElo "2245"]

1.Nf3 Nf6 2.c4 c5 3.Nc3 g6 4.d4 cxd4 5.Nxd4 Nc6 6.e4 d6 7.Be2 Bg7 8.Be3 O-O
9.O-O Bd7 10.f3 a6 11.Qd2 Nxd4 12.Bxd4 Bc6 13.Rfd1 Nd7 14.Be3 Nc5 15.Rac1 Na4
16.Nxa4 Bxa4 17.b3 Bc6 18.Bf1 Qc8 19.Bb6 Qe6 20.Re1 Qf6 21.Rc2 Rac8 22.Qf2 Rfe8
23.g3 Bd7 24.Bg2 Rc6 25.Rd1 Rec8 26.a4 d5 27.Bd4 e5 28.exd5 exd4 29.dxc6 bxc6
30.g4 h5 31.Rcd2 c5 32.b4 Qb6 33.f4 Be6 34.Qf1 a5 35.bxa5 Qxa5 36.Rc2  1/2-1/2

[Event "Dutch Open"]
[Site "Dieren NED"]
[Date "2008.07.25"]
[Round "4"]
[White "Simutowe,A"]
[Black "Van Eijk,S"]
[Result "1/2-1/2"]
[WhiteElo "2459"]
[BlackElo "2315"]

1.c4 e6 2.Nc3 Nf6 3.Nf3 c5 4.g3 a6 5.d4 cxd4 6.Nxd4 Qc7 7.Bg2 Qxc4 8.Bf4 Nc6
9.Nb3 Be7 10.a3 a5 11.e4 e5 12.Bg5 O-O 13.Rc1 Qa6 14.Be3 b6 15.g4 Bd8 16.g5 Ne8
17.h4 Ne7 18.a4 d5 19.exd5 Nf5 20.Ne4 Be7 21.Bd2 Bb7 22.Bc3 Rd8 23.Qg4 Bc8
24.Qe2 Qa7 25.Bxe5 Rxd5 26.Nc3 Rd8 27.O-O Bb4 28.Nb5 Qe7 29.Qe4 Be6 30.N3d4 Nxd4
31.Nxd4 Bd5 32.Nf5 Qe6 33.Nd4 Qd7 34.Qxd5 Qxd5 35.Bxd5 Rxd5 36.Nc6 f6 37.gxf6 Nxf6
38.Rfd1 Bc5 39.Bd4 Ne4 40.Rxc5 Rxc5 41.Bxc5 Nxc5 42.Rd4 h6 43.Ne7+ Kh7 44.Nd5 Rf3
45.Nxb6 Rb3 46.Rd5 Ne4 47.Re5 Rxb6 48.Rxe4 Rxb2 49.Kf1 Ra2 50.h5 g6 51.Re7+ Kg8
52.hxg6 Rxa4 53.f3 Rf4 54.Kf2 Rf6 55.Ra7 Rxg6 56.Rxa5 Rf6 57.Kg3 Kg7 58.f4 Kg6
59.Kg4 h5+ 60.Kg3 Rb6 61.Rg5+ Kf6 62.Rxh5 Rb1 63.Rh8 Rg1+ 64.Kf2 Ra1 65.Rf8+ Kg7
66.Rf5 Ra3 67.Rb5 Kf6 68.Re5 Rb3 69.Ke2 Ra3 70.Re3 Rxe3+ 71.Kxe3 Kf5 72.Kf3 Kf6
73.Ke3 Kf5 74.Kf3 Kf6 75.Ke4 Ke6 76.Kd4 Kf5 77.Ke3 Kf6 78.Ke4 Ke6 79.f5+ Kf6
80.Kf4 Kf7 81.Kg5 Kg7 82.Kf4 Kf7 83.Ke4 Kf6 84.Kf4 Kf7 85.Ke5 Ke7 86.f6+ Kf7
87.Kf5 Kf8 88.Ke6 Ke8 89.f7+ Kf8 90.Kf6  1/2-1/2

[Event "ZMD Open"]
[Site "Dresden GER"]
[Date "2008.07.25"]
[Round "7"]
[White "Savchenko,S"]
[Black "Ghaem Maghami,E"]
[Result "1/2-1/2"]
[WhiteElo "2557"]
[BlackElo "2597"]

1.Nf3 Nf6 2.c4 e6 3.Nc3 c5 4.g3 b6 5.Bg2 Bb7 6.O-O Be7 7.d4 cxd4 8.Qxd4 d6
9.Rd1 a6 10.Bg5 Nbd7 11.Qd2 O-O 12.Bf4 Ne8 13.Rac1 Rc8 14.b3 Qc7 15.Qe3 Qb8
16.Bh3 Bxf3 17.Qxf3 Nef6 18.Bg2 b5 19.cxb5 axb5 20.Qb7 b4 21.Nb5 Rxc1 22.Rxc1 Qxb7
23.Bxb7 d5 24.Rc7 Bd8 25.Rc6 Be7 26.Bc8 e5 27.Bd2 Rd8 28.Rc7 Kf8 29.Na7 Bd6
30.Rb7 Nc5  1/2-1/2

[Event "83rd ch-ARG s/f"]
[Site "Buenos Aires ARG"]
[Date "2008.07.26"]
[Round "7"]
[White "Hobaica,J"]
[Black "Meza,Hu"]
[Result "0-1"]
[WhiteElo "2417"]
[BlackElo "2273"]

1.c4 Nf6 2.Nc3 e6 3.Nf3 c5 4.g3 b6 5.Bg2 Bb7 6.O-O d6 7.b3 Be7 8.Bb2 O-O
9.e3 a6 10.Qe2 Nc6 11.Rfd1 Qc7 12.d4 Rad8 13.d5 exd5 14.cxd5 Ne5 15.Ne1 b5
16.f4 Ned7 17.e4 Rfe8 18.Rac1 Bf8 19.Qc2 g6 20.h3 Bg7 21.Nb1 Nb6 22.Nd2 Nh5
23.Bxg7 Nxg7 24.Nef3 f5 25.Ng5 h6 26.Ndf3 fxe4 27.Nxe4 Qf7 28.Nxd6 Rxd6 29.Qxc5 Qf6
30.Ne5 Nf5 31.Kh2 Red8 32.Ng4 Qf8 33.Ne5 Ne7 34.Qc7 Bxd5 35.Rc5 h5 36.h4 Qf6
37.Bh3 Nf5 38.Qa7  0-1

[Event "XXVI Andorra Open"]
[Site "La Massana AND"]
[Date "2008.07.26"]
[Round "8"]
[White "Garcia Roman,D"]
[Black "Marin,Mi"]
[Result "0-1"]
[WhiteElo "2428"]
[BlackElo "2553"]

1.c4 Nf6 2.Nc3 c5 3.Nf3 e6 4.d4 cxd4 5.Nxd4 a6 6.a3 Qc7 7.e4 b6 8.Be3 Bb7
9.f3 Nc6 10.Rc1 Ne5 11.b4 Ng6 12.Qd2 Be7 13.Na4 Rb8 14.Nb3 Ba8 15.Qf2 Bd8
16.c5 b5 17.Nb6 O-O 18.Nxa8 Rxa8 19.Be2 Nh5 20.O-O Bh4 21.g3 Nxg3 22.hxg3 Bxg3
23.Qg2 Nf4 24.Bxf4 Qxf4 25.Rfd1 f5 26.Rc3 Rf6 27.exf5 Re8 28.Rd4 Qe5 29.f4 Bxf4
30.Qe4 exf5 31.Qxe5 Bxe5 32.Bf3 g5 33.Rcd3 Bxd4+ 34.Rxd4 g4 35.Bb7 f4 36.Nd2 Re1+
37.Kf2 Re3 38.Rxf4 Rxf4+ 39.Kxe3 Rf6 40.Ne4 Rf3+ 41.Ke2 Kf8 42.Nf2 Rxa3 43.Nxg4 Ke7
44.Ne3 h5 45.Nd5+ Kd8 46.Kf2 a5 47.bxa5 Rxa5 48.c6 dxc6 49.Bxc6 Ra2+ 50.Ke3 Rc2
51.Bxb5 Rc5 52.Be2 Rxd5 53.Kf4 Ke7  0-1

[Event "III Open"]
[Site "Oviedo ESP"]
[Date "2008.07.26"]
[Round "4"]
[White "Vega Viejo,M"]
[Black "Garcia Garcia,Je2"]
[Result "1-0"]
[WhiteElo "2180"]
[BlackElo "1960"]

1.Nf3 Nf6 2.c4 c5 3.Nc3 g6 4.g3 Bg7 5.Bg2 O-O 6.O-O Nc6 7.d4 cxd4 8.Nxd4 a6
9.h3 Nxd4 10.Qxd4 d6 11.Qh4 Re8 12.Bg5 Rb8 13.Rfd1 Qa5 14.a3 b5 15.cxb5 axb5
16.b4 Qb6 17.Be3 Qd8 18.Ba7 Rb7 19.Bxb7 Bxb7 20.Bd4 e5 21.Be3 Qd7 22.Bg5 Qc6
23.f3 Qxc3 24.Bxf6 Qe3+ 25.Kf1 Bxf3 26.Ra2 Bxe2+ 27.Rxe2 Qf3+ 28.Ke1 Bxf6
29.Qg4 Qh1+ 30.Kd2 Bg5+ 31.Kc2 Qc6+ 32.Kb1 Bf6 33.Rc2 Qa8 34.Ka2 d5 35.Qf3 Be7
36.Qxd5 Qa4 37.Qb3 Qa8 38.Rf1 Rf8 39.Rcf2 Qe4 40.Rxf7 Qe2+ 41.Ka1 Qxf1+ 42.Rxf1+  1-0

[Event "XXVI Andorra Open"]
[Site "La Massana AND"]
[Date "2008.07.27"]
[Round "9"]
[White "Strikovic,A"]
[Black "Damljanovic,B"]
[Result "1/2-1/2"]
[WhiteElo "2512"]
[BlackElo "2579"]

1.c4 e6 2.Nf3 Nf6 3.Nc3 c5 4.g3 b6 5.Bg2 Bb7 6.O-O Be7 7.Re1 d5 8.cxd5 Nxd5
9.e4 Nb4 10.d4 cxd4 11.Nxd4 N8c6 12.Nxc6 Qxd1 13.Rxd1 Bxc6 14.Bf4 g5 15.Bd6 Rd8
16.a3 Na6 17.b4 Nb8  1/2-1/2

[Event "CSOB IM CUP"]
[Site "Mlada Boleslav CZE"]
[Date "2008.07.30"]
[Round "5"]
[White "Pribyl,Jo"]
[Black "Urban,Z"]
[Result "1/2-1/2"]
[WhiteElo "2397"]
[BlackElo "2130"]

1.Nf3 Nf6 2.c4 c5 3.Nc3 g6 4.g3 Bg7 5.Bg2 Nc6 6.d4 cxd4 7.Nxd4 O-O 8.O-O Qb6
9.Nc2 Ne5 10.b3 d6 11.h3 Bd7 12.e4 Nc6 13.Be3 Qa5 14.Bd2 Qh5 15.Qxh5 Nxh5
16.Rae1 Rfd8 17.Kh2 Kf8 18.f4 Nd4 19.Nxd4 Bxd4 20.g4 Ng7 21.f5 Rac8 22.Nd5 Bc6
23.a4 Rd7 24.f6 exf6 25.Nxf6 Be5+ 26.Kh1 Bxf6 27.Rxf6 Re8 28.Bb4 Re6 29.Rxe6 Nxe6
30.Rd1 Nf4 31.Bxd6+ Ke8 32.Rd2 Nxg2 33.Kxg2 f5 34.Kg3 fxe4 35.c5 a6 36.h4 Rf7
37.Bf4 Rd7 38.Bd6 Rf7 39.Bf4 Rd7 40.Bd6  1/2-1/2

[Event "13th Open"]
[Site "Creon FRA"]
[Date "2008.08.01"]
[Round "7"]
[White "Demanghon,J"]
[Black "Pap,M"]
[Result "0-1"]
[WhiteElo "2213"]
[BlackElo "2495"]

1.Nf3 c5 2.c4 Nf6 3.Nc3 b6 4.g3 Bb7 5.Bg2 e6 6.O-O a6 7.d4 cxd4 8.Qxd4 d6
9.Bg5 Be7 10.Bxf6 Bxf6 11.Qf4 O-O 12.Rfd1 Be7 13.Ne4 Bxe4 14.Qxe4 Ra7 15.Nd4 Rc7
16.b3 Qc8 17.a4 Rc5 18.Qb1 Bf6 19.e3 a5 20.Ra2 Bxd4 21.exd4 Rc7 22.Re2 Re8
23.Rde1 Rce7 24.Qb2 Na6 25.Re3 Nb4 26.Qe2 Qd8 27.f4 d5 28.f5 dxc4 29.fxe6 Rxe6
30.Rxe6 Rxe6 31.Qd2 Rxe1+ 32.Qxe1 Qxd4+ 33.Kh1 g6 34.bxc4 Nd3 35.Qb1 Qxc4
36.Bf1 Qd5+ 37.Bg2 Nf2+ 38.Kg1  0-1

[Event "Arctic Chess Challenge"]
[Site "Tromso NOR"]
[Date "2008.08.03"]
[Round "2"]
[White "Pettersson,Tob"]
[Black "Kasparov,S"]
[Result "1/2-1/2"]
[WhiteElo "2147"]
[BlackElo "2486"]

1.Nf3 Nf6 2.c4 c5 3.Nc3 e6 4.g3 b6 5.Bg2 Bb7 6.O-O d6 7.Re1 Be7 8.e4 Nbd7
9.d4 cxd4 10.Nxd4 Qc7 11.Be3 Rc8 12.Rc1 Qb8 13.b3 a6 14.f4 O-O 15.Bf2 g6
16.e5 Ne8 17.Bh3 Ng7 18.exd6 Bxd6 19.Ne4 Bxe4 20.Rxe4 Nf6 21.Re3 Bc5 22.Bg2 h5
23.Bf3 Nf5 24.Rd3 Qc7 25.Kg2 Rfe8 26.Qd2 Ng4 27.Bg1 Nxd4 28.Bxd4 e5 29.Bxc5 Qxc5
30.h3 Nf6 31.fxe5 Qxe5 32.Rd1 Ne4 33.Bxe4 Qxe4+ 34.Rf3 b5 35.Qf4 Qxf4 36.Rxf4 bxc4
37.Rd7 f5 38.Rxc4 Rxc4 39.bxc4 Re2+ 40.Kf3 Rxa2 41.Kf4 Ra3 42.g4 fxg4 43.hxg4 hxg4
44.Kxg4 Ra5 45.Ra7 Kf8 46.Kf4 Rf5+ 47.Ke4 a5 48.Kd4 Ke8 49.c5 a4 50.Kc4 Kd8  1/2-1/2

[Event "IX Miquel Mas de Figueres Open"]
[Site "Castell de Sant Ferran ESP"]
[Date "2008.08.05"]
[Round "5"]
[White "Deschler,F"]
[Black "Garza Marco,S"]
[Result "0-1"]
[WhiteElo "2141"]
[BlackElo "2398"]

1.Nf3 c5 2.c4 Nf6 3.Nc3 e6 4.g3 b6 5.Bg2 Bb7 6.O-O Be7 7.d4 cxd4 8.Qxd4 d6
9.Rd1 a6 10.e4 Nbd7 11.b3 Qc8 12.Bb2 O-O 13.Qe3 Qc7 14.Rac1 Rfe8 15.Nd4 Bf8
16.Qe2 Rad8 17.f4 e5 18.Nf5 g6 19.Ne3 exf4 20.Ncd5 Nxd5 21.Nxd5 Bxd5 22.cxd5 f3
23.Qxf3 Qa7 24.Qc3 Ne5 25.Qc7 Qxc7 26.Rxc7 Rd7 27.Rdc1 Bh6 28.Bxe5 Be3+ 29.Kf1 Rxc7
30.Rxc7 Rxe5 31.Rc6 Bc5 32.b4 Bxb4 33.Rxb6 a5 34.Ke2 Kg7 35.Rb5 Re7 36.a3 Ra7
37.e5 Bxa3 38.exd6 Bxd6 39.Rb6 a4 40.Be4 a3 41.Bb1 a2  0-1

[Event "IX Miquel Mas de Figueres Open"]
[Site "Castell de Sant Ferran ESP"]
[Date "2008.08.05"]
[Round "5"]
[White "Colls Gelaberto,E"]
[Black "Negre,A"]
[Result "1-0"]
[WhiteElo "2203"]
[BlackElo "2117"]

1.Nf3 Nf6 2.c4 c5 3.Nc3 g6 4.g3 b6 5.Bg2 Bb7 6.O-O Bg7 7.d4 cxd4 8.Qxd4 Nc6
9.Qf4 Rc8 10.b3 O-O 11.Bb2 d5 12.Rad1 e6 13.Ba3 Ne7 14.e4 Nd7 15.Nb5 e5 16.Qh4 Bf6
17.Ng5 h5 18.Nd6 Nf5 19.exf5 Bxg5 20.Qh3 Qe7 21.fxg6 Nf6 22.gxf7+ Kh8 23.Qf5 Nh7
24.Nxb7 Qxa3 25.Rxd5 Qe7 26.Be4  1-0

[Event "Arctic Chess Challenge"]
[Site "Tromso NOR"]
[Date "2008.08.05"]
[Round "4"]
[White "Hansen,Vi"]
[Black "Bjerke,R"]
[Result "1/2-1/2"]
[WhiteElo "2124"]
[BlackElo "2212"]

1.c4 Nf6 2.Nc3 c5 3.Nf3 e6 4.g3 b6 5.Bg2 Bb7 6.O-O Be7 7.Re1 d5 8.cxd5 exd5
9.d4 O-O 10.dxc5 bxc5 11.e3 Na6 12.b3 Qc8 13.Bb2 Qe6 14.Nd2 Nb4 15.Qb1 Ba6
16.Bf1 Bxf1 17.Nxf1 c4 18.Ne2 Ne4 19.Nf4 Qg4 20.a3 Qf3 21.axb4 Qxf2+ 22.Kh1 Qf3+
23.Kg1 Bxb4 24.Ba3 Qf2+ 25.Kh1 Bxe1 26.Qxe1 Qxe1 27.Rxe1 Rfd8 28.bxc4 dxc4
29.Rc1 c3 30.Kg2 Rab8 31.Kf3 f5 32.Ne6 Rd5 33.Nd4 Ra5 34.Nc6 Rb2 35.Bxb2 cxb2
36.Rb1 Ra1 37.Rxb2 Rxf1+ 38.Kg2 Rd1 39.Rb8+ Kf7 40.Rb7+ Kf6 41.Rxa7 Rd2+
42.Kg1 Rd3 43.Ne7 Rd1+ 44.Kg2 Rd2+ 45.Kg1 Nf2 46.Ng8+ Kg6 47.h4 Ng4 48.Ne7+ Kf6
49.Ng8+ Kg6 50.Ne7+  1/2-1/2

[Event "Najdorf Memorial Open"]
[Site "Warsaw POL"]
[Date "2008.08.05"]
[Round "4"]
[White "Grigoryan,Av"]
[Black "Panocki,A"]
[Result "1-0"]
[WhiteElo "2537"]
[BlackElo "2338"]

1.Nf3 Nf6 2.c4 g6 3.Nc3 c5 4.d4 cxd4 5.Nxd4 Bg7 6.e4 Nc6 7.Be3 O-O 8.Be2 d6
9.O-O Ng4 10.Bxg4 Bxg4 11.Nxc6 Bxd1 12.Nxd8 Bg4 13.Nxb7 Rfb8 14.Na5 Rxb2
15.Rfc1 Bd7  1-0

[Event "IX Miquel Mas de Figueres Open"]
[Site "Castell de Sant Ferran ESP"]
[Date "2008.08.06"]
[Round "6"]
[White "Alvarez Serra,J"]
[Black "Colls Gelaberto,E"]
[Result "0-1"]
[WhiteElo "1986"]
[BlackElo "2203"]

1.Nf3 Nf6 2.c4 c5 3.Nc3 g6 4.g3 b6 5.Bg2 Bb7 6.O-O Bg7 7.b3 O-O 8.Bb2 d5
9.cxd5 Nxd5 10.Qc1 e6 11.Rd1 Na6 12.Nxd5 Bxd5 13.Bxg7 Kxg7 14.d4 Qe7 15.Qb2 Kg8
16.Rac1 Rac8 17.Qa3 Qb7 18.dxc5 Nxc5 19.b4 Ne4 20.Qe3 Nd6 21.g4 Nc4 22.Qh6 Bxf3
23.Bxf3 Qe7 24.Qf4 Qxb4 25.Rd4 e5 26.Rdxc4 exf4 27.Rxb4 Rxc1+ 28.Kg2 g5 29.Rb5 Rc5
30.Rb4 Rfc8 31.Rd4 Kg7 32.h4 h6 33.Rd7 R8c7 34.Rd6 Rc2 35.a4 R2c4 36.a5 bxa5
37.Ra6 Ra4 38.hxg5 hxg5 39.Bd5 Ra3 40.Be4 Re7 41.Bd3 Ra1 42.Kf3 a4 43.Ra5 f6
44.Bc4 a3 45.Ra6 Rc7 46.Bd3 Rb7 47.Ke4 Re7+ 48.Kf3 Rc7 49.Ke4 a2 50.f3 Kf7
51.Ra3 Ke7 52.Kf5 Rc5+ 53.Kg6 a5 54.Kg7 Ke6 55.Kg6 Ke5 56.Ra4 Rd5 57.Re4+ Kd6
58.Ra4 Kc5 59.Rxa5+ Kd4 60.Ra3 Rd6 61.Kf7 Rb6 62.Ra4+ Kc3 63.Rc4+ Kb2 64.Rc2+ Kb3  0-1

[Event "Timisoara Cup IM"]
[Site "Timisoara ROM"]
[Date "2008.08.06"]
[Round "7"]
[White "Sfarlog,T"]
[Black "Ogleznev,A"]
[Result "0-1"]
[WhiteElo "2288"]
[BlackElo "2285"]

1.Nf3 Nf6 2.c4 c5 3.Nc3 e6 4.d4 cxd4 5.Nxd4 a6 6.g3 Qc7 7.Qd3 d6 8.Bg2 Nbd7
9.b3 Be7 10.O-O O-O 11.e4 Rb8 12.Bb2 b6 13.Rac1 Bb7 14.h3 Rbc8 15.Rfe1 Qb8
16.f4 Rfe8 17.Nc2 Qa8 18.b4 Red8 19.a3 Bf8 20.g4 h6 21.Nd1 e5 22.f5 b5 23.cxb5 axb5
24.Nc3 Nb6 25.Ne3 Nc4 26.Nxc4 bxc4 27.Qe2 d5 28.exd5 Nxd5 29.Nxd5 Bxd5 30.Be4 c3
31.Rxc3 Rxc3 32.Bxc3 Qxa3 33.Bxd5 Rxd5 34.Qb2 Qa7+ 35.Qf2 Qc7 36.Qe3 Qc4
37.Bd2 Rd3 38.Qe2 Qd5 39.Be3 Bxb4 40.Rc1 Qe4 41.Kf2 Be7 42.Rc8+ Kh7  0-1

[Event "5th Open"]
[Site "Kalamaria GRE"]
[Date "2008.08.07"]
[Round "6"]
[White "Saravanan,V1"]
[Black "Carlsson,P"]
[Result "1/2-1/2"]
[WhiteElo "2405"]
[BlackElo "2514"]

1.Nf3 Nf6 2.c4 c5 3.Nc3 e6 4.g3 b6 5.Bg2 Bb7 6.O-O Be7 7.Re1 Ne4 8.Qc2 Nxc3
9.dxc3 d6 10.Bf4 Qc7 11.Rad1 Nc6 12.Ng5 Bxg5 13.Bxg5 h6 14.Bc1 O-O-O 15.e4 Kb8  1/2-1/2